000 00663cam a2200145 4500500
005 20260412000933.0
041 _afre
042 _adc
100 1 0 _aMilner, Max
_eauthor
245 0 0 _aMélanges.SANTA (Àngels) (dir.), Camins creuats. Homenatge a Victor Siurana [Chemins croisés. Hommage à Victor Siurana], Lleida (Espagne), Edicions de la Universitat de Lleida / Pagès editors, 1997, t. I : Honoré de Balzac, 162 p.
260 _c2001.
500 _a80
786 0 _nL'Année balzacienne | 2 | 1 | 2001-03-01 | p. 347i-393i | 0084-6473
856 4 1 _uhttps://shs.cairn.info/revue-l-annee-balzacienne-2001-1-page-347i?lang=fr&redirect-ssocas=7080
999 _c2211160
_d2211160